|
|
|
|
| LEADER |
02688nam a2200637 a 4500 |
| 001 |
nkc20112257089 |
| 003 |
CZ PrNK |
| 005 |
20151104101629.0 |
| 007 |
ta |
| 008 |
111222s2011 xr a f 001 0 cze |
| 015 |
|
|
|a cnb002257089
|
| 020 |
|
|
|a 978-80-87404-11-9
|q (brož.)
|
| 035 |
|
|
|a (OCoLC)776509154
|
| 040 |
|
|
|a ABA001
|b cze
|
| 041 |
0 |
|
|a cze
|a slo
|b eng
|
| 043 |
|
|
|a ec-----
|a ee-----
|
| 045 |
|
|
|a x8y1
|
| 072 |
|
7 |
|a 32
|x Politika
|2 Konspekt
|9 15
|
| 080 |
|
|
|a 342.511
|2 MRF
|
| 080 |
|
|
|a 342.514/.517
|2 MRF
|
| 080 |
|
|
|a 32:316.42
|2 MRF
|
| 080 |
|
|
|a 328/329
|2 MRF
|
| 080 |
|
|
|a (4-191.2)+(4-11)
|2 MRF
|
| 080 |
|
|
|a ([4+5]-66)
|2 MRF
|
| 080 |
|
|
|a (048.8:082)
|2 MRF
|
| 080 |
|
|
|a (078.7)
|2 MRF
|
| 100 |
1 |
|
|a Mlejnek, Josef,
|d 1969-
|7 js20100108004
|4 aut
|
| 245 |
1 |
0 |
|a Postavení hlavy státu v postkomunistických zemích :
|b od pádu komunismu v roce 1989 do roku 2010 /
|c Josef Mlejnek a kolektiv
|
| 250 |
|
|
|a Vyd. 1.
|
| 260 |
|
|
|a Praha :
|b Univerzita Karlova, Fakulta sociálních věd,
|c 2011
|
| 300 |
|
|
|a 351 s. :
|b il. ;
|c 21 cm
|
| 504 |
|
|
|a Obsahuje bibliografie, bibliografické odkazy a rejstříky
|
| 546 |
|
|
|a Část. slovenský text, anglické resumé
|
| 648 |
|
7 |
|a 1989-2010
|7 ch969084
|2 czenas
|
| 648 |
|
7 |
|a od 1989
|7 ch462156
|2 czenas
|
| 650 |
0 |
7 |
|a prezident republiky
|7 ph124600
|z Evropa střední a východní
|y od 1989
|2 czenas
|
| 650 |
0 |
7 |
|a hlavy států
|7 ph206873
|z Evropa střední a východní
|y od 1989
|2 czenas
|
| 650 |
0 |
7 |
|a pravomoci prezidenta
|7 ph208668
|z Evropa střední a východní
|y od 1989
|2 czenas
|
| 650 |
0 |
7 |
|a politický systém
|7 ph124258
|z Evropa střední a východní
|y od 1989
|2 czenas
|
| 650 |
0 |
9 |
|a presidency
|z Europe, Central and Eastern
|y 1989-
|2 eczenas
|
| 650 |
0 |
9 |
|a heads of state
|z Europe, Central and Eastern
|y 1989-
|2 eczenas
|
| 650 |
0 |
9 |
|a presidential power
|z Europe, Central and Eastern
|y 1989-
|2 eczenas
|
| 650 |
0 |
9 |
|a political system
|z Europe, Central and Eastern
|y 1989-
|2 eczenas
|
| 651 |
|
7 |
|a postkomunistické země
|7 ge137397
|x politika a vláda
|y od 1989
|2 czenas
|
| 651 |
|
7 |
|a Evropa střední a východní
|7 ge128476
|x politika a vláda
|y od 1989
|2 czenas
|
| 651 |
|
9 |
|a post-communists countries
|x politics and government
|y 1989-
|2 eczenas
|
| 651 |
|
9 |
|a Europe, Central and Eastern
|x politics and government
|y 1989-
|2 eczenas
|
| 655 |
|
7 |
|a kolektivní monografie
|7 fd501537
|2 czenas
|
| 655 |
|
7 |
|a případové studie
|7 fd133208
|2 czenas
|
| 655 |
|
9 |
|a collective monographs
|2 eczenas
|
| 655 |
|
9 |
|a case studies
|2 eczenas
|
| 910 |
2 |
|
|a BOA001
|b 2-1274.983
|
| 990 |
|
|
|a BK
|
| 995 |
|
|
|a 01
|
| 991 |
|
|
|b 201201
|c NOV
|e n
|
| 996 |
6 |
|
|b 2610496839
|c 2-1274.983
|l MZK
|r Sklad / do 1 hodiny
|n 9
|p p.v.
|w 001220925
|u 000010
|a 1
|e BOA001
|j MZK50
|s P
|